Espacios. Revista Centroamericana de Cultura Política/
Revista que abarca temas de política social, relacionada con la protección a la infancia, además de la política como un enfoque de derecho. La violencia juvenil en América, la situación nutricional de los niños en América Latina, el trabajo infantil en América Latina y el niño como un sujeto de der...
Gespeichert in:
| Körperschaft: | |
|---|---|
| Format: | Regierungsdokument Buch |
| Sprache: | Spanish |
| Veröffentlicht: |
San José, Costa Rica:
FLACSO,
1997
|
| Schlagworte: | |
| Tags: |
Tag hinzufügen
Keine Tags, Fügen Sie den ersten Tag hinzu!
|
MARC
| LEADER | 00000nam a22000007a 4500 | ||
|---|---|---|---|
| 003 | cru IIS | ||
| 005 | 20220817111414.0 | ||
| 008 | 220817b |||||||| |||| 00| 0 spa d | ||
| 022 | |a 1409-0074 | ||
| 040 | |a cru IIS |b spa |c cru IIS | ||
| 086 | |a 05.03.04 F143e | ||
| 110 | 2 | |9 3426 |a Fundación Friedrich Ebert | |
| 245 | |a Espacios. |b Revista Centroamericana de Cultura Política/ |c Friedrich Ebert Stiftung | ||
| 260 | |a San José, Costa Rica: |b FLACSO, |c 1997 | ||
| 300 | |a 96 páginas | ||
| 520 | |a Revista que abarca temas de política social, relacionada con la protección a la infancia, además de la política como un enfoque de derecho. La violencia juvenil en América, la situación nutricional de los niños en América Latina, el trabajo infantil en América Latina y el niño como un sujeto de derecho. | ||
| 650 | 0 | |9 6358 |a DERECHOS DEL NIÑO | |
| 650 | 0 | |9 944 |a EDUCACION | |
| 650 | 0 | |9 133 |a VIOLENCIA | |
| 650 | 0 | |9 289 |a POLITICA SOCIAL | |
| 650 | 0 | |9 6609 |a TRABAJO INFANTIL | |
| 651 | 0 | |9 32 |a COSTA RICA | |
| 942 | |2 ddc |c LI | ||
| 999 | |c 44502 |d 44502 | ||
